Дело об открытии дворянского пансиона при Костромской гимназии, об утверждении его устава и о переводе гимназии и пансиона в дом...

RUSMARC
00006363cbc2a2200000#x 450
001b80ce2dc-2fde-4efc-8b70-b6247dfaac47
00520231019102755.0
1010#$arus
102##$aRU
2001#$aДело об открытии дворянского пансиона при Костромской гимназии, об утверждении его устава и о переводе гимназии и пансиона в дом губернатора
$j16 октября 1834 г. - 26 февраля 1858 г.
251##$cДело
215##$a488 листов
$d36,5х26 см
2250#$aФонд Департамент народного просвещения Министерства народного просвещения
$hОпись № 30
300##$aОригинальный заголовок дела: Дело о помещении Костромской гимназии с пансионом в губернаторском доме и о назначении дома гимназии для жительства гражданского губернатора. Тут же и об открытии при Костромской гимназии благородного пансиона. 16 октября 1834 г. - 11 октября 1847 г.
300##$aРукописный текст. Чернила
801#0$aRU
$bРГИА
801#1$aRU
$bПБ им. Б.Н. Ельцина
$2rusmarc
$c20170321
801#2$aRU
$bПБ им. Б.Н. Ельцина
$gRCR
$2rusmarc
850##$aФедеральное казенное учреждение "Российский государственный исторический архив"
852##$aРГИА
$j155
100##$a20131018l18341858k##a0rusy0102####ca
937##$d10932337
$hПБ
105##$ay###
1222#$ad18341016##
$ad18580226##
5171#$aДело о помещении Костромской гимназии с пансионом в губернаторском доме и о назначении дома гимназии для жительства гражданского губернатора. Тут же и об открытии при Костромской гимназии благородного пансиона
$e16 октября 1834 г. - 11 октября 1847 г.
461#0$1001a74412a3-3cc5-4d21-8f0a-dfe2fbd9e72d
$12001
$aДепартамент народного просвещения Министерства народного просвещения
$1251
$cФонд
$1852
$j733
462#0$10014c0c406f-d236-4b13-9279-380407b6e331
$12001
$a1831-1837 гг.
$vД. 155
$1251
$cОпись
$1852
$j30
035##$ab80ce2dc-2fde-4efc-8b70-b6247dfaac47
856##$uhttp://readingroom.main.prlib.ru/item.aspx?id_node=n96185930
60102$2prlib_sh
$3LIBNET\UAF\0000108722
$aКостромская мужская гимназия
$c1
$jАрхивные дела
$xИстория
605##$2acquisition_Prlib
$3LIBNET\UAF\0000075389
$aКостромская область: страницы истории
$lколлекция
605##$2acquisition_Prlib
$3LIBNET\UAF\0000107109
$aИстория образования в России
$lколлекция
605##$2acquisition_Prlib
$3DITM\AF\0000004675
$aТерритория
$lколлекция
617##$2prlib_sh
$cКостромская область
617##$2prlib_sh
$cКостромская губерния
686##$2rubbk
$a74.03(28-8Кос)5ю1
$vLBC/M
686##$2rubbk
$a63.3(28-8Кос)52-7ю1
$vLBC/M
6061#$2nlr_sh
$3RU\NLR\AUTH\6601628082
$aОбразование
$jАрхивные дела
$xИстория
$yКостромская губерния
$z19 - нач. 20 вв.
Формат отображения